<?xml version="1.0" encoding="UTF-8"?>
<record
    xmlns:xsi="http://www.w3.org/2001/XMLSchema-instance"
    xsi:schemaLocation="http://www.loc.gov/MARC21/slim http://www.loc.gov/standards/marcxml/schema/MARC21slim.xsd"
    xmlns="http://www.loc.gov/MARC21/slim">

  <leader>00738nam a22001337a 4500</leader>
  <datafield tag="040" ind1=" " ind2=" ">
    <subfield code="c">RUA</subfield>
  </datafield>
  <datafield tag="082" ind1=" " ind2=" ">
    <subfield code="a">AVM DUO 2018 B654 Or.1</subfield>
  </datafield>
  <datafield tag="100" ind1=" " ind2=" ">
    <subfield code="a">DUONG PHIRUNY &#x1787;&#x17BC;&#x1793; &#x1797;&#x17B7;&#x179A;&#x17BB;&#x1793;&#x17B8;</subfield>
  </datafield>
  <datafield tag="245" ind1=" " ind2=" ">
    <subfield code="a">current practices of smallholder farmer and disease management of pigs in battambang province &#x1780;&#x17B6;&#x179A;&#x17A2;&#x1793;&#x17BB;&#x179C;&#x178F;&#x17D2;&#x178F;&#x179A;&#x1794;&#x179F;&#x17CB;&#x1780;&#x179F;&#x17B7;&#x1780;&#x179A; &#x1793;&#x17B7;&#x1784;&#x1795;&#x17D2;&#x1793;&#x17B6;&#x1780;&#x17CB;&#x1784;&#x17B6;&#x179A;&#x179F;&#x17BB;&#x1781;&#x1797;&#x17B6;&#x1796;&#x179F;&#x178F;&#x17D2;&#x179C;&#x1797;&#x17BC;&#x1798;&#x17B7;&#x1793;&#x17C5;&#x179B;&#x17BE;&#x1780;&#x17B6;&#x179A;&#x1782;&#x17D2;&#x179A;&#x1794;&#x17CB;&#x1782;&#x17D2;&#x179A;&#x1784;&#x1787;&#x17C6;&#x1784;&#x17BA;&#x1787;&#x17D2;&#x179A;&#x17BC;&#x1780; &#x1793;&#x17C5;&#x1781;&#x17C1;&#x178F;&#x17D2;&#x178F;&#x1794;&#x17B6;&#x178F;&#x17CB;&#x178A;&#x17C6;&#x1794;&#x1784;</subfield>
  </datafield>
  <datafield tag="260" ind1=" " ind2=" ">
    <subfield code="a">RUA</subfield>
    <subfield code="b">Phnom penh </subfield>
    <subfield code="c">2018</subfield>
  </datafield>
  <datafield tag="300" ind1=" " ind2=" ">
    <subfield code="a">   ix;36p</subfield>
    <subfield code="b">ill;</subfield>
    <subfield code="c">29cm</subfield>
  </datafield>
  <datafield tag="856" ind1=" " ind2=" ">
    <subfield code="u"> https://drive.google.com/file/d/1C8FIEfIIvhTz9V2PSPeeyKOZhyRvlxD1/view?usp=sharing</subfield>
  </datafield>
  <datafield tag="942" ind1=" " ind2=" ">
    <subfield code="c">AVM</subfield>
  </datafield>
  <datafield tag="999" ind1=" " ind2=" ">
    <subfield code="c">18613</subfield>
    <subfield code="d">18613</subfield>
  </datafield>
  <datafield tag="952" ind1=" " ind2=" ">
    <subfield code="0">0</subfield>
    <subfield code="1">0</subfield>
    <subfield code="2">ddc</subfield>
    <subfield code="4">0</subfield>
    <subfield code="6">AVM_DUO_2018_000000000000000_B654_OR_1</subfield>
    <subfield code="7">0</subfield>
    <subfield code="9">82957</subfield>
    <subfield code="a">LBB</subfield>
    <subfield code="b">LBB</subfield>
    <subfield code="c">B654</subfield>
    <subfield code="d">2019-12-25</subfield>
    <subfield code="o">AVM DUO 2018 B654 Or.1</subfield>
    <subfield code="p">A44046</subfield>
    <subfield code="r">2019-12-25</subfield>
    <subfield code="w">2019-12-25</subfield>
    <subfield code="y">AVM</subfield>
  </datafield>
  <datafield tag="952" ind1=" " ind2=" ">
    <subfield code="0">0</subfield>
    <subfield code="1">0</subfield>
    <subfield code="2">ddc</subfield>
    <subfield code="4">0</subfield>
    <subfield code="6">AVM_DUO_2018_000000000000000_B654_OR_2</subfield>
    <subfield code="7">0</subfield>
    <subfield code="9">82958</subfield>
    <subfield code="a">LBB</subfield>
    <subfield code="b">LBB</subfield>
    <subfield code="c">B654</subfield>
    <subfield code="d">2019-12-25</subfield>
    <subfield code="o">AVM DUO 2018 B654 Or.2</subfield>
    <subfield code="p">A42201</subfield>
    <subfield code="r">2019-12-25</subfield>
    <subfield code="w">2019-12-25</subfield>
    <subfield code="y">AVM</subfield>
  </datafield>
  <datafield tag="952" ind1=" " ind2=" ">
    <subfield code="0">0</subfield>
    <subfield code="1">0</subfield>
    <subfield code="2">ddc</subfield>
    <subfield code="4">0</subfield>
    <subfield code="6">AVM_DUO_2018_000000000000000_B654_OR_3</subfield>
    <subfield code="7">0</subfield>
    <subfield code="9">82959</subfield>
    <subfield code="a">LBB</subfield>
    <subfield code="b">LBB</subfield>
    <subfield code="c">B654</subfield>
    <subfield code="d">2019-12-25</subfield>
    <subfield code="o">AVM DUO 2018 B654 Or.3</subfield>
    <subfield code="p">A42239</subfield>
    <subfield code="r">2019-12-25</subfield>
    <subfield code="w">2019-12-25</subfield>
    <subfield code="y">AVM</subfield>
  </datafield>
  <datafield tag="952" ind1=" " ind2=" ">
    <subfield code="0">0</subfield>
    <subfield code="1">0</subfield>
    <subfield code="2">ddc</subfield>
    <subfield code="4">0</subfield>
    <subfield code="6">AVM_DUO_2018_000000000000000_B654_OR_4</subfield>
    <subfield code="7">0</subfield>
    <subfield code="9">82960</subfield>
    <subfield code="a">LBB</subfield>
    <subfield code="b">LBB</subfield>
    <subfield code="c">B654</subfield>
    <subfield code="d">2019-12-25</subfield>
    <subfield code="o">AVM DUO 2018 B654 Or.4</subfield>
    <subfield code="p">A42094</subfield>
    <subfield code="r">2019-12-25</subfield>
    <subfield code="w">2019-12-25</subfield>
    <subfield code="y">AVM</subfield>
  </datafield>
  <datafield tag="952" ind1=" " ind2=" ">
    <subfield code="0">0</subfield>
    <subfield code="1">0</subfield>
    <subfield code="2">ddc</subfield>
    <subfield code="4">0</subfield>
    <subfield code="6">AVM_DUO_2018_000000000000000_B654_OR_5</subfield>
    <subfield code="7">0</subfield>
    <subfield code="9">82961</subfield>
    <subfield code="a">LBB</subfield>
    <subfield code="b">LBB</subfield>
    <subfield code="c">B654</subfield>
    <subfield code="d">2019-12-25</subfield>
    <subfield code="o">AVM DUO 2018 B654 Or.5</subfield>
    <subfield code="p">A43662</subfield>
    <subfield code="r">2019-12-25</subfield>
    <subfield code="w">2019-12-25</subfield>
    <subfield code="y">AVM</subfield>
  </datafield>
  <datafield tag="952" ind1=" " ind2=" ">
    <subfield code="0">0</subfield>
    <subfield code="1">0</subfield>
    <subfield code="2">ddc</subfield>
    <subfield code="4">0</subfield>
    <subfield code="6">AVM_DUO_2018_000000000000000_B654_OR_1</subfield>
    <subfield code="7">0</subfield>
    <subfield code="9">82962</subfield>
    <subfield code="a">LBB</subfield>
    <subfield code="b">LBB</subfield>
    <subfield code="c">B654</subfield>
    <subfield code="d">2019-12-25</subfield>
    <subfield code="o">AVM DUO 2018 B654 Or.1</subfield>
    <subfield code="r">2019-12-25</subfield>
    <subfield code="w">2019-12-25</subfield>
    <subfield code="y">AVM</subfield>
  </datafield>
</record>
